IMDb Top 100 Greatest Westerns of All Time - Statistics

General Stats
  • This quiz has been taken 85 times
  • The average score is 19 of 100
Answer Stats
# Year Name of Movie % Correct
40 1966 The Good, the Bad and the Ugly
98%
6 1992 Unforgiven
77%
38 1964 A Fistful of Dollars
71%
39 1965 For a Few Dollars More
71%
1 1968 Once Upon a Time in the West
68%
2 1956 The Searchers
63%
4 1952 High Noon
57%
27 1950 Rio Grande
57%
11 1939 Stagecoach
57%
29 1959 Rio Bravo
55%
17 1969 Butch Cassidy and the Sundance Kid
49%
13 2007 No Country for Old Men
46%
80 1993 Tombstone
45%
68 1957 3:10 to Yuma
43%
5 1953 Shane
43%
88 1976 The Outlaw Josey Wales
43%
3 1948 Red River
42%
36 1960 The Magnificent Seven
42%
19 1962 The Man Who Shot Liberty Valance
42%
77 1962 How the West Was Won
35%
8 1969 The Wild Bunch
32%
25 1948 Fort Apache
28%
82 1968 Hang 'Em High
28%
22 1946 My Darling Clementine
28%
16 1948 The Treasure of the Sierra Madre
26%
49 2003 Open Range
25%
52 1976 The Shootist
25%
90 1958 Cowboy
23%
69 1957 Gunfight at the O.K. Corral
23%
12 1971 McCabe & Mrs. Miller
23%
7 1954 Johnny Guitar
22%
26 1949 She Wore a Yellow Ribbon
22%
63 1960 The Alamo
22%
31 1953 Hondo
18%
61 1970 Little Big Man
17%
18 1942 The Ox-Bow Incident
17%
58 1965 Cat Ballou
15%
89 1972 Jeremiah Johnson
14%
28 1950 The Gunfighter
14%
30 1950 Winchester '73
14%
43 1967 Hombre
12%
44 1963 Hud
12%
60 1939 Jesse James
12%
9 1955 Bad Day at Black Rock
11%
53 1939 Destry Rides Again
11%
92 1961 One-Eyed Jacks
11%
65 1948 3 Godfathers
9%
66 2008 Appaloosa
9%
46 1939 Dodge City
9%
85 1996 Lone Star
9%
79 1969 Paint Your Wagon
9%
56 1959 Ride Lonesome
9%
48 1962 Ride the High Country
9%
51 1992 The Last of the Mohicans
9%
95 1980 The Long Riders
9%
32 1955 The Man from Laramie
9%
37 1953 The Naked Spur
9%
75 1947 Angel and the Badman
8%
41 1952 Bend of the River
8%
21 1950 Broken Arrow
8%
76 1946 Duel in the Sun
8%
73 1940 Santa Fe Trail
8%
47 1952 The Big Sky
8%
78 1930 The Big Trail
8%
59 1957 The Tall T
8%
50 1940 The Westerner
8%
14 1941 They Died with Their Boots On
8%
67 1957 Forty Guns
6%
20 1970 Monte Walsh
6%
24 1952 Rancho Notorious
6%
64 1954 The Far Country
6%
74 1948 The Paleface
6%
54 1966 The Professionals
6%
84 1929 The Virginian
6%
34 1948 Blood on the Moon
5%
10 1924 Greed
5%
35 1965 Major Dundee
5%
62 1996 Riders of the Purple Sage
5%
70 1960 Sergeant Rutledge
5%
55 1944 Tall in the Saddle
5%
42 1925 Tumbleweeds
5%
33 1972 Ulzana's Raid
5%
15 1967 Will Penny
5%
91 1982 Barbarosa
3%
45 1945 Don't Fence Me In
3%
71 1951 Little Big Horn
3%
23 1962 Lonely Are the Brave
3%
72 1956 Men from Now
3%
86 1957 Run of the Arrow
3%
99 1923 The Covered Wagon
3%
96 2003 The Missing
3%
93 1972 Bad Company
2%
97 1948 Four Faces West
2%
81 1975 Hearts of the West
2%
100 1959 No Name on the Bullet
2%
94 1947 Ramrod
2%
83 1955 Ten Wanted Men
2%
98 1993 The Ballad of Little Jo
2%
87 1925 The Vanishing American
2%
57 1936 The Plainsmans
0%
No matching quizzes found
Score Distribution
Percent of People with Each Score
Percentile by Number Answered
Your Score History
You have not taken this quiz